000 00581nam a22001937a 4500
999 _c7304
_d7304
003 OSt
005 20210930131333.0
008 210930b ||||| |||| 00| 0 eng d
020 _a9780080446844
040 _cDDC
082 _a612.88PAI 2007
100 _aBreivik,Harald; Shipley,Michael;
_914984
245 _aPain Best Practice & Research Compendium.
_cEdited by Breivik,Harald and Shipley,Michael;
260 _aUSA.
_bElsevier.
_c2007.
300 _axv,340p;
_bill;
_c26cm.
504 _aIncludes; references and index.
650 _aEngineering.
_9373
942 _2ddc
_cO_SHELF